| 000 | 00537nam a2200169 a 4500 | ||
|---|---|---|---|
| 001 | 000016846 | ||
| 005 | 20200929164954.0 | ||
| 008 | 100310s1969 dr a 000 0 spa d | ||
| 040 |
_aDO-SdBNP _bspa _cBNPHU |
||
| 082 |
_axxxx _bP438l |
||
| 100 | 1 |
_aPérez Lluberes, Kremly M. _937302 |
|
| 245 | 1 | 0 |
_aLógica elemental / _cKreemly M. Pérez Llluberes, Basilio de León del Rosario. |
| 260 |
_aSanto Domingo : _bDe La Salle, _c1969. |
||
| 300 |
_a154 p. : _bil. ; _c22 cm. |
||
| 700 | 1 |
_aRosario, Basilio de León del _937303 |
|
| 049 | _aBNPD | ||
| 999 |
_c16378 _d16378 |
||